[Event "FRA-ch U12 Girls"]
[Site "Le Grand Bornand"]
[Date "2007.04.??"]
[Round "9"]
[White "Lample, Judith"]
[Black "Venet, Clemence"]
[Result "1/2-1/2"]
[WhiteElo "1560"]
[BlackElo "1310"]
[PlyCount "106"]
[EventDate "2007.04.07"]
[EventType "swiss"]
[EventRounds "9"]
[EventCountry "FRA"]
[SourceTitle "CBM 118 Extra"]
[Source "ChessBase"]
[SourceDate "2007.07.04"]
[SourceVersion "1"]
[SourceVersionDate "2007.07.04"]
[SourceQuality "1"]

1. e4 e5 2. d4 exd4 3. Nf3 Nc6 4. Nxd4 Nxd4 5. Qxd4 Qf6 6. e5 Qe7 7. Be2 Qb4+ 8. c3 Qxd4 9. cxd4 d6 10. Bf4 f6 11. Nc3 Bf5 12. Nd5 0-0-0 13. Rc1 c6 14. Ne3 Be6 15. a3 g5 16. Bg3 f5 17. f4 Bh6 18. 0-0 Ne7 19. b4 Kb8 20. exd6 gxf4 21. dxe7 Rxd4 22. Nc2 Re4 23. Bd3 fxg3 24. Bxe4 Bxc1 25. Bxf5 gxh2+ 26. Kxh2 Bxf5 27. Rxf5 Bh6 28. g4 Kc7 29. g5 Bg7 30. Rf7 Be5+ 31. Kg2 Kd7 32. e8Q+ Kxe8 33. Rxb7 Rg8 34. Kh3 Rxg5 35. Rxh7 Rg3+ 36. Kh4 Bb8 37. Rh8+ Kf7 38. Rxb8 Rg2 39. Nd4 Rg6 40. Rb7+ Kf6 41. Rxa7 Ke5 42. Kh5 Rd6 43. Nf3+ Kf5 44. Nh4+ Kf4 45. Rf7+ Ke4 46. Kg4 Rd3 47. a4 Ra3 48. b5 c5 49. Rf4+ Kd5 50. b6 Kc6 51. Rf6+ Kb7 52. Ng6 Rxa4+ 53. Kg5 Rb4 1/2-1/2

[Event "Bretagne-ch U10 Girls"]
[Site "Ploermel"]
[Date "2007.02.13"]
[Round "1"]
[White "Garido, Melissa"]
[Black "Lample, Judith"]
[Result "0-1"]
[WhiteElo "1230"]
[BlackElo "1560"]
[PlyCount "74"]
[EventDate "2007.02.13"]
[EventType "tourn"]
[EventRounds "6"]
[EventCountry "FRA"]
[SourceTitle "EXT 2008"]
[Source "ChessBase"]
[SourceDate "2007.11.25"]
[SourceVersion "1"]
[SourceVersionDate "2007.11.25"]
[SourceQuality "1"]

1. c4 e5 2. g3 Nf6 3. Bg2 c6 4. e3 d5 5. b3 Be6 6. Qc2 Bc5 7. Ne2 0-0 8. 0-0 Qd7 9. Bb2 Bd6 10. f4 Bf5 11. d3 Qe6 12. h3 Bxh3 13. Bxh3 Qxh3 14. fxe5 Ng4 15. Nf4 Qxf1+ 16. Kxf1 Nxe3+ 17. Ke1 Nxc2+ 18. Kd2 Nxa1 19. Bxa1 Bb4+ 20. Ke2 Nd7 21. cxd5 cxd5 22. Nxd5 Bc5 23. Nc7 Rac8 24. Nb5 Rfe8 25. d4 a6 26. N5c3 Bxd4 27. Nd2 Bxc3 28. Bxc3 Rxc3 29. Nb1 Rxe5+ 30. Kd2 Rxg3 31. Nc3 Rh5 32. Ne2 Rh2 33. b4 Rgg2 34. Ke1 Rxe2+ 35. Kf1 Rxa2 36. Kg1 Rhb2 37. b5 Rb1# 0-1